[Event "Titled Tuesday intern op 20th Aug Early"]
[Site "Chess.com INT"]
[Date "2024.08.20"]
[Round "7"]
[White "Vedder, Richard"]
[Black "Chylewski, Patryk"]
[Result "0-1"]
[WhiteElo "2256"]
[BlackElo "2304"]
[PlyCount "144"]
[EventDate "2024.08.20"]
[EventType "swiss (blitz)"]
[EventRounds "11"]
[EventCountry "USA"]
[SourceTitle "EXT 2025"]
[Source "ChessBase"]
[SourceDate "2024.10.14"]
[SourceVersion "1"]
[SourceVersionDate "2024.10.14"]
[SourceQuality "1"]

1. d4 d5 2. c4 e6 3. Nc3 Bb4 4. Nf3 Nf6 5. e3 0-0 6. Bd2 b6 7. Rc1 a6 8. cxd5 exd5 9. g3 Bb7 10. Bg2 Nbd7 11. 0-0 Re8 12. a3 Bd6 13. b4 Ne4 14. Nxe4 dxe4 15. Ne1 Nf6 16. Bc3 Bd5 17. Nc2 Qd7 18. Bb2 h5 19. h4 a5 20. bxa5 bxa5 21. Re1 Reb8 22. Bc3 Rb3 23. Qd2 Bxa3 24. Ra1 Bb2 25. Bxb2 Rxb2 26. Qc3 Rb3 27. Qc5 a4 28. Rec1 Qd6 29. Na3 Qxc5 30. Rxc5 c6 31. Bf1 Nd7 32. Rcc1 Nb6 33. Be2 g6 34. Bd1 Rb2 35. Rcb1 Rxb1 36. Rxb1 Nc4 37. Ra1 Nd2 38. Bc2 Nb3 39. Rb1 Kf8 40. Rb2 Ke7 41. Kf1 Kd6 42. Ke1 f6 43. Bb1 g5 44. Bc2 gxh4 45. gxh4 Rg8 46. Bd1 Rg1+ 47. Ke2 Rh1 48. Bxb3 axb3 49. Nb1 Rxh4 50. Nd2 Rh1 51. Nxb3 h4 52. Nc5 Bc4+ 53. Kd2 Rf1 54. Rb7 Rxf2+ 55. Kc3 Be6 56. Rh7 h3 57. Nxe6 Kxe6 58. Rxh3 Rf3 59. Rh4 Rxe3+ 60. Kd2 Rd3+ 61. Kc2 Rxd4 62. Rh8 Ke5 63. Re8+ Kf4 64. Re6 f5 65. Rxc6 Ke3 66. Rf6 f4 67. Rf8 f3 68. Kc3 Rd3+ 69. Kc2 Ke2 70. Rf4 e3 71. Rxf3 Rd2+ 72. Kc3 Kxf3 0-1

[Event "Titled Tuesday intern op 30th Jul Late"]
[Site "Chess.com INT"]
[Date "2024.07.30"]
[Round "7"]
[White "Nilsen, Tobias Lang"]
[Black "Chylewski, Patryk"]
[Result "1-0"]
[WhiteElo "2203"]
[BlackElo "2284"]
[PlyCount "57"]
[EventDate "2024.07.30"]
[EventType "swiss (blitz)"]
[EventRounds "11"]
[EventCountry "USA"]
[SourceTitle "EXT 2025"]
[Source "ChessBase"]
[SourceDate "2024.10.14"]
[SourceVersion "1"]
[SourceVersionDate "2024.10.14"]
[SourceQuality "1"]

1. e4 e6 2. d4 d5 3. Nc3 dxe4 4. Nxe4 Nd7 5. Nf3 Ngf6 6. Nxf6+ Nxf6 7. Be3 Bd6 8. Bd3 0-0 9. c3 b6 10. Qc2 Bb7 11. 0-0-0 h6 12. Ne5 Nd5 13. Bd2 c5 14. c4 cxd4 15. cxd5 Bxe5 16. Kb1 Bxd5 17. Rhe1 Bf6 18. Qa4 a6 19. Rc1 b5 20. Qd1 Rc8 21. Qh5 Rxc1+ 22. Rxc1 Qd7 23. g4 Bf3 24. Qh3 Qd5 25. Bb4 Rd8 26. Rc5 Qb7 27. g5 Bxg5 28. Rxg5 hxg5 29. Qh7# 1-0